Joaquín Pardavé : el señor del espectáculo /
Josefina Estrada (Ciudad de México, 1957), con estudios en comunicación, se dedica por igual a la literatura y al periodismo. Becaria INBA-FONAFAS en 1980, obtuvo después el estímulo del Programa Artes y ganó el Primer Concurso de Crónica Urbana Salvador Novo, con Señas particulares, un ensayo sobre...
Gardado en:
| Autor Principal: | |
|---|---|
| Formato: | Libro |
| Idioma: | Lingua castelá |
| Publicado: |
México :
Clío,
1996, c1996
|
| Temas: | |
| Etiquetas: |
Sen Etiquetas, Sexa o primeiro en etiquetar este rexistro!
|
MARC
| LEADER | 00000nam^a2200000^a^4500 | ||
|---|---|---|---|
| 001 | 000054418 | ||
| 005 | 20250521000000.0 | ||
| 009 | 20260310090510.347 | ||
| 020 | |a 968-6932-62-3 | ||
| 037 | |a Acervo ITESO - Biblioteca | ||
| 041 | |a ESP | ||
| 082 | |a 302. 2350972 |b EST | ||
| 100 | |a Estrada, Josefina |e (autor) | ||
| 245 | 1 | 0 | |a Joaquín Pardavé : |b el señor del espectáculo / |c J. Estrada. |
| 264 | 4 | |a México : |b Clío, |c 1996, c1996 | |
| 300 | |a 3 v. (55, 55, 55 p.) | ||
| 336 | |a texto |b txt |2 rdacontenido | ||
| 337 | |a sin mediación |b n |2 rdamedio | ||
| 338 | |a volumen |b nc |2 rdasoporte | ||
| 520 | |a Josefina Estrada (Ciudad de México, 1957), con estudios en comunicación, se dedica por igual a la literatura y al periodismo. Becaria INBA-FONAFAS en 1980, obtuvo después el estímulo del Programa Artes y ganó el Primer Concurso de Crónica Urbana Salvador Novo, con Señas particulares, un ensayo sobre la violencia en la Ciudad de México. Algunos de sus títulos son: Malagato, Para morir iguales, Desde que Dios amanece, Virgen de medianoche y Joaquín Pardavé: el hombre del espectáculo, entre otros. | ||
| 649 | |a XX | ||
| 650 | |a Actores Mexicanos - |x Biografías | ||
| 650 | |a Comedias Cinematográficas - |z México - |x Historia y Crítica | ||
| 650 | |a Melodramas - |z México - |x Historia y Crítica | ||
| 650 | |a Géneros Cinematográficos - |z México - |x Historia y Crítica | ||
| 650 | |a Cine Mexicano - |x Historia y Crítica | ||
| 650 | |a Cine Mexicano - |y Siglo XX | ||
| 650 | |a Medios Audiovisuales - |z México - |x Historia | ||
| 650 | |a Medios de Comunicación - |z México - |x Historia | ||
| 650 | |a Comunicación Visual - |z México - |x Historia | ||
| 650 | |a Comunicación Masiva - |z México - |x Historia | ||
| 650 | |a Pardavé, Joaquín | ||
| 910 | |a Fondo General | ||
| 920 | |a Impresos - Libros | ||
| 930 | |a Reserva Especial | ||
| 905 | |a 103 | ||
| 901 | |a 0500013038 |b IT1 |c REE |u 20250521 | ||
| 901 | |a 0500013044 |b IT1 |c REE |u 20250521 | ||
| 901 | |a 0500013051 |b IT1 |c REE |u 20250521 | ||
| 901 | |a 0500013041 |b IT1 |c REE |u 20250521 | ||
| 902 | |a https://opac.biblio.iteso.mx/vufind/Record/000054418 | ||